Statistiques concernant Les 10 chaines de télévision les plus regardées en France

Cliquez ici pour prendre le quiz!

Statistiques générales

  • Ce quiz a été pris 193 fois
  • Le résultat moyen est 8 sur 10

Statistiques - réponses

#Pourcentage de l'audianceRéponse% Correct
119,5TF1
99%
213,9France 2
95%
39,3France 3
94%
48,9M6
94%
91,3Canal +
81%
62,9C8
72%
82,3BFM
69%
53,1TMC
68%
72,6Arte
66%
101,0LCI
27%

Distribution des résultats

Percentile par nombre de réponses

% des personnes avec chaque résultat

Votre développement - résultats

Vous n’avez pas pris ce quiz